| 000 | 00527cam a22002174a 4500 | ||
|---|---|---|---|
| 005 | 20250605164326.0 | ||
| 008 | 250528s ||||||||||||||||||||||||d | ||
| 035 | _a23052 | ||
| 020 | _a9780631228233 | ||
| 040 |
_aGR-AtMCL _bgre _dGR-AtMCL _eAACR2 |
||
| 245 | 1 | _aUNDERSTANDING CHILDREN'S DEVELOPMENT | |
| 250 | _a4 | ||
| 260 |
_bBlackwell, _c2003 |
||
| 300 | _a663 | ||
| 700 | 1 |
_aBlades Mark _92891 |
|
| 700 | 1 |
_aCowie Helen _92892 |
|
| 700 | 1 |
_aSmith Peter K _92893 |
|
| 942 | _cBK | ||
| 999 |
_c8092 _d8092 |
||